000 00854nam a22002657a 4500
001 BR9400602
003 BR-BrBNA
005 20230928093857.0
007 ta
008 230509b bl.||||| |||| 00| 0 por d
040 _aBR-BrBNA
_bpor
_cBiblioteca Nacional de Agricultura
041 _a(Por)
072 _aE21
_b9530
090 _ 9530 BR9400602
110 1 _aFundacao de Integracao, Desenvolvimento e Educacao do Nordeste do Estado, Ijui, RS (Brasil)
_94869
245 1 _aEstrategia de orientacao tecnico-economica da agroindustria de processamento de oleaginosas na Regiao Sul e em Sao Paulo. Proposta de estudo
260 3 _aIjui, RS (Brasil):
_c1985.
300 _a19 p.
650 _aOleo Vegetal
650 _aIndustria Agricola
650 _aRegiao Sul
650 _aSao Paulo
909 _a202309
_bLucia
_c55
_dLucia Elande
942 _cBK
999 _c47652
_d47652